| 000 | 00538nam a22001697a 4500 | ||
|---|---|---|---|
| 005 | 20250916082053.0 | ||
| 008 | 250903b |||||||| |||| 00| 0 eng d | ||
| 020 | _a9781779563002 | ||
| 082 | _aDC 006.31 L15 2025 | ||
| 100 |
_aLal, Bechoo. _963480 |
||
| 245 |
_aIntroduction to machine learning / _cBechoo Lal. |
||
| 260 |
_aCanada : _bToronto Academic Press, _c©2025. |
||
| 300 |
_axiii, 193 pages : _bcolor illustrations ; _c25 cm. |
||
| 500 | _aIncludes references and index. | ||
| 650 | 0 |
_aMachine learning. _967479 |
|
| 942 |
_2ddc _cDC |
||
| 999 |
_c23660 _d23660 |
||